| 000 | 00514nam a22001817a 4500 | ||
|---|---|---|---|
| 003 | 0 | ||
| 005 | 20230919113513.0 | ||
| 008 | 230919b xxu||||| |||| 00| 0 eng d | ||
| 020 | _a978-0-78583-419-9 | ||
| 050 |
_aPZ 7 _b.C319 2015 |
||
| 100 | _aCaroll, Lewis | ||
| 245 |
_aAlice's adventures in wonderland and other tales _c Lewis Caroll |
||
| 260 |
_aNew York _bQuatro Publishing Group _cc2015 |
||
| 300 |
_axi, 539 pages : _bill. ; _c24 cm. |
||
| 500 | _aFantasy. | ||
| 650 | _aFantasy. | ||
| 942 |
_2lcc _cBK |
||
| 999 |
_c365326 _d365326 |
||